000 00204 a2200109 4500
020 _a9780746010228
041 _aeng
100 _aFelicity Everett
245 _aFarm Animals
942 _cBK
952 _71
999 _c18739
_d18739